| 000 | 01550nam a22004097a 4500 | ||
|---|---|---|---|
| 003 | CHAP | ||
| 005 | 20220817044229.0 | ||
| 008 | 091010s2008 mx r 00010 spa d | ||
| 010 | _a95232 | ||
| 011 | _a96204 | ||
| 035 | _a106851 | ||
| 040 | _cCHAP | ||
| 090 | _aTesis | ||
| 100 | 1 |
_aGamboa Zatarain, Tomás. _944577 |
|
| 245 | 1 | 3 |
_aEl aguacate como eje de una estrategia de desarrollo regional en Nayarit _c/por Tomás Gamboa Zatarain |
| 260 |
_aZacatecas, Méx. : _bEl autor, _c2008 |
||
| 300 |
_axii, 134 h. : _bgráfs., cuadros |
||
| 502 | _aTesis (M.C. en Desarrollo Rural Regional) -- UACH. Dirección de Centros Regionales Universitarios | ||
| 530 | _aTambién disponible en línea | ||
| 590 |
_aALEPH _b10 _c20130110 _lUCH01 _h1524 |
||
| 590 |
_aBATCH-UPD _b10 _c20130110 _lUCH01 _h0550 |
||
| 590 |
_aBATCH-UPD _b10 _c20130410 _lUCH01 _h0231 |
||
| 590 |
_aBATCH-UPD _b10 _c20130913 _lUCH01 _h2307 |
||
| 590 |
_aBATCH-UPD _b10 _c20140324 _lUCH01 _h1508 |
||
| 590 |
_aBATCH-UPD _b10 _c20141002 _lUCH01 _h0837 |
||
| 590 |
_aCONVERSION _b10 _c20130109 _lUCH01 _h1353 |
||
| 650 | 1 | 4 |
_aAguacate _xVariedades. _92559 |
| 650 | 1 | 4 |
_aAguacate _zNayarit. _92561 |
| 650 | 1 | 4 |
_aCadena alimentaria. _917041 |
| 650 | 1 | 4 | _aDesarrollo económico. |
| 650 | 1 | 4 |
_aDesarrollo rural. _932067 |
| 856 |
_3Finding aid _uhttp://10.13.5.2/tesis/106851.pdf _zTeclea aqui |
||
| 901 | _aBK | ||
| 942 | _cFOLL | ||
| 949 |
_aTesis _bBC _cTES _d33724002074132 _eTS1 _gDonaciØn _h48222 _i106851 _sb |
||
| 949 |
_aTesis _bBC _cTES _d33724002074173 _eTS2 _fc.2 _gDonaciØn _h48223 _i106851 _sb |
||
| 999 |
_c95232 _d95232 |
||